000 00908nam a2200289Ia 4500
003 OSt
005 20221007125633.0
006 a|||||r|||| 00| 0
007 ta
008 221006b |||||||| |||| 00| 0 eng d
020 _a8120307976 (pbk)
_cRs.350.00
024 _a16530
037 _b140, 28/11/2005, Dhanraj Book House
_cTextual
040 _aCDL
_cCDL
_beng
041 _2eng
_aeng
082 _aE5, N2 Carc
100 _aMorrison Robert Thornton
245 0 _aStudy guide to organic chemistry
_b Boyd Robert Neilson
250 _a6
260 _aNew
_bJersey Prentic-Hall, Inc
_c1992
300 _ax, 723p.
_ccm.
650 _a Organic chemistry
650 _aChemistry
700 _a Boyd Robert Neilson
942 _hE5, N2 Carc
_cTEXL
_2CC
999 _c1215623
_d1215623